00436nam a2200193Ia 4500003000900000008004100009040001300050040001300063041000800076100002200084245005100106250000900157260002100166260000900187300001100196300001000207490001900217490000600236IT-RoPAU120407s9999 xx 000 0 und d aIT-RoPAU cIT-RoPAU aita aLouisa May Alcott aI ragazzi di Jo . Vers. di Laura Guicciardini. aRoma aEdizioni Paoline c1966 a193 p. c24 cm aLa 500 ep, 34 v1